Normal view
MARC view
- Maturation (Psychology)
Entry Topical Term
001 - CONTROL NUMBER
- control field: 36204
003 - CONTROL NUMBER IDENTIFIER
- control field: OSt
005 - DATE AND TIME OF LATEST TRANSACTION
- control field: 20141013154659.0
008 - FIXED-LENGTH DATA ELEMENTS
- fixed length control field: 141013|| aca||babn | a|a d
040 ## - CATALOGING SOURCE
- Original cataloging agency: OSt
150 ## - HEADING--TOPICAL TERM
- Topical term or geographic name as entry element: Maturation (Psychology)
450 ## - SEE FROM TRACING--TOPICAL TERM
- Topical term or geographic name entry element: Growth (Psychology)
450 ## - SEE FROM TRACING--TOPICAL TERM
- Topical term or geographic name entry element: Personal development
450 ## - SEE FROM TRACING--TOPICAL TERM
- Topical term or geographic name entry element: Personal growth
550 ## - SEE ALSO FROM TRACING--TOPICAL TERM
- Topical term or geographic name entry element: Developmental psychology